Les 3 meilleurs footballeurs par pays #1 - Statistiques

Statistiques générales
  • Ce quiz a été pris 511 fois
  • Le résultat moyen est 12 sur 15
Statistiques - réponses
Pays Postes Club Principal Joueurs % Correct
France Milieu Offensif Réal Madrid Zinédine Zidane
97%
Italie Gardien de but Juventus Gianluigi Buffon
94%
France Attaquant Arsenal Thierry Henry
94%
Allemagne Gardien de but Bayern Munich Manuel Neuer
91%
Espagne Milieu de terrain FC Barcelone Andres Iniesta
90%
Espagne Gardien de but Réal Madrid Iker Casillas
87%
France Attaquant Réal Madrid Karim Benzema
87%
Espagne Défenseur Central Réal Madrid Sergio Ramos
85%
Allemagne Milieu Offensif Bayern Munich Thomas Muller
83%
Angleterre Second Attaquant Manchester United Wayne Rooney
78%
Angleterre Milieu de terrain FC Liverpool Steven Gerrard
75%
Italie Milieu de terrain AC Milan Andrea Pirlo
74%
Angleterre Milieu de terrain FC Chelsea Frank Lampard
74%
Allemagne Attaquant Lazio Rome Miroslav Klose
59%
Italie Défenseur Central Parme Fabio Cannavaro
55%
Aucun quiz correspondant
Distribution des résultats
% des personnes avec chaque résultat
Percentile par nombre de réponses
Votre historique - résultats
Vous n’avez pas pris ce quiz